000 00632nam a2200181Ia 4500
005 20250508153435.0
008 008 250505s9999 xx 000 0 eng d
037 _aTextual
040 _aFEDL
_beng
_cFEDL
041 _aeng
_2eng
084 _a371.9, UNI
_qFEDL
245 0 _aExceptional children and youth : A chart book of special education enrollments in public day schools of the United States
245 0 _cU S Department of Health, Education and Welfare
260 _aWashington, USA
_bU.S. Government Printing Office
_c1961
300 _av,14p
942 _cTEXL
_h371.9, UNI
999 _c1342902
_d1342902